000 00413nam a2200145Ia 4500
005 20240618043644.0
008 240331s9999 xx 000 0 und d
082 _bGAN
_a891.48
100 _aGanesalingan, S
245 0 _aSiththar siththanthamum sufisamum
_cS. Ganeshalingan
260 _aChennai
_bKumaran Publishers
_c2004
300 _a158 p .,
500 _aA Comparative Study of Sithar Philosophy
942 _cL
999 _c3913
_d3913